000 00468nam a2200181Ia 4500
005 20250326125453.0
008 250326s9999 xx 000 0 und d
037 _aTextbook
040 _aFMSL
_beng
_cFMSL
041 _aeng
_2eng
084 _aY:1 M0
_qFMSL
100 _aSzalai A
_9739158
245 0 _aQuality of life
_cSzalai A; Andrews F M
260 _aUSA
_bUSA, Sage
_c1980
300 _a289p
942 _cTB
_hY:1 M0
999 _c1278203
_d1278203